02094nam0a2200505 450000100060000000300300000600500170003601000260005303300510007903500220013003500400015203500170019207300180020910000410022710100080026810200070027610500180028318100250030118100200032618200210034618200110036720000340037821400310041221400170044321400100046021400270047021500190049721500100051622500170052622500140054332300150055733006330057241000310120561000150123668600710125170000140132270100290133670100080136570200360137370200340140970200690144370200080151280100300152080100380155013939http://www.sudoc.fr/28666223X20251009121618.0 a9782330205911d12 EUR ahttp://catalogue.bnf.fr/ark:/12148/cb48525744m a(OCoLC)1530498717 aFRBNF485257440000005zFRBNF48525744 aALP000856555 0a9782330205911 a20250730d2025 m y0frey50 ba0 afre aFR ay z 00|a| 6z01ctxt2rdacontent 16z01ai#bxxxe## 6z01cn2rdamedia 16z01an1 aÉvangile de la naturebLIVR 0cActes Sud-PapiersdDL 2025 3cImpr. Corlet 0aArles 3a14-Condé-sur-Noireau a1 vol. (89 p.) d19 cm1 aAu singulier1 x2743-6608 aindéfini aÉvangile de la nature, adaptation libre du poème De rerum natura de Lucrèce, est un hymne poétique et philosophique à la nature et à la raison. Christophe Perton réduit les 7 400 vers originaux à 1 400, resserrant sur les passages clés et permettant ainsi une meilleure compréhension et une plus grande résonance émotionnelle. La beauté et la force du texte, mêlant rigueur scientifique et puissance poétique, associées à une traduction fluide et moderne par Marie NDiaye et Christophe Perton, en font un outil puissant pour éclairer les enjeux actuels et inspirer toutes les générations. tAu singulier (Arles)d2025 aécologie a8012Cadre de classement de la Bibliographie nationale française aLucrèce 1aNdiayebMarief1967-.... 14730 1aLucrècef0097?-0055 av. J.-C. 1aPertonbChristophef1964-.... 13026997576cpoète philosophe latin du Ier siècle av. J-C4100 14010 3aFRbAbesc20250730gAFNOR 0aFRbFR-751131015c20250604gAFNOR